000 00584nam a2200217Ia 4500
999 _c45400
_d45400
001 12224
003 GE_BSU
005 20221117163728.0
008 181216s2011en xx |||||||||||||| ||eng||
020 _a9781403989826x
040 _cGE_BSU
041 _aeng
080 _a327 H-64
100 _aHeywood, Andrew.
_915909
245 _aGlobal Politics /
_cAndrew Heywood
264 _aNew York :
_bPalgrave macmillan,
_c2011.
300 _a560 p.:
_bill;
_c25 cm.
653 _aGlobal Politics.
653 _aგლობალური პოლიტიკა.
942 _cBK
_2udc